Obras maestras de la colección Lázaro Galdiano. (Record no. 573)

MARC details
000 -CABECERA
campo de control de longitud fija 00814nam a2200205 a 4500
001 - NÚMERO DE CONTROL
campo de control BRCA_662
005 - FECHA Y HORA DE LA ÚLTIMA TRANSACCIÓN
campo de control 20190320203111.0
008 - DATOS DE LONGITUD FIJA--INFORMACIÓN GENERAL
campo de control de longitud fija 160408s2002----sp-a---###---#000-0#spa-#
020 ## - NÚMERO INTERNACIONAL ESTÁNDAR DEL LIBRO
Número Internacional Estándar del Libro 8489913404
050 #4 - SIGNATURA TOPOGRÁFICA DE LA BIBLIOTECA DEL CONGRESO
Número de clasificación N3444
Número de documento/Ítem .O27 2002
245 10 - MENCIÓN DE TÍTULO
Título Obras maestras de la colección Lázaro Galdiano.
260 ## - PUBLICACIÓN, DISTRIBUCIÓN, ETC.
Lugar de publicación, distribución, etc. Madrid
Nombre del editor, distribuidor, etc. Fundación Lázaro Galdiano : Fundación Santander Central Hispano
Fecha de publicación, distribución, etc. 2002
300 ## - DESCRIPCIÓN FÍSICA
Extensión 319 p.
Otras características físicas il. a color
Dimensiones 30 cm.
500 ## - NOTA GENERAL
Nota general Catálogo de la exposición realizada en la Fundación Santander Central Hispano, 16 diciembre 2002 - 9 febrero 2003
504 ## - NOTA DE BIBLIOGRAFÍA, ETC.
Nota de bibliografía, etc. Bibliografía: p. 306-317
610 24 - PUNTO DE ACCESO ADICIONAL DE MATERIA--NOMBRE DE ENTIDAD CORPORATIVA
Nombre de entidad corporativa o nombre de jurisdicción como elemento de entrada Fundación Lázaro Galdiano
Subdivisión general Colecciones de arte
Subdivisión geográfica Madrid
9 (RLIN) 2205
650 14 - PUNTO DE ACCESO ADICIONAL DE MATERIA--TÉRMINO DE MATERIA
Término de materia o nombre geográfico como elemento de entrada Pintura
Subdivisión de forma Colecciones
Subdivisión general Antigüos maestros
9 (RLIN) 2206
650 14 - PUNTO DE ACCESO ADICIONAL DE MATERIA--TÉRMINO DE MATERIA
Término de materia o nombre geográfico como elemento de entrada Artes visuales
Subdivisión general Obras maestras
9 (RLIN) 2207
942 ## - ELEMENTOS DE PUNTO DE ACCESO ADICIONAL (KOHA)
Fuente del sistema de clasificación o colocación Library of Congress Classification
Tipo de ítem Koha Libros
Holdings
Estado de retiro Estado de pérdida Estado dañado No para préstamo Localización permanente Ubicación/localización actual Fecha de adquisición Total de préstamos Signatura topográfica completa Código de barras Fecha visto por última vez Precio válido a partir de Tipo de ítem Koha
El ejemplar forma parte de la colección y puede ser consultado según las políticas vigentes.       Biblioteca del Museo Franz Mayer (Rogerio Casas-Alatriste) Biblioteca del Museo Franz Mayer (Rogerio Casas-Alatriste) 25/06/2008   N3444 .O27 2002 00990 22/03/2019 22/03/2019 Libros